<?xml version="1.0" encoding="UTF-8"?>
<record
    xmlns:xsi="http://www.w3.org/2001/XMLSchema-instance"
    xsi:schemaLocation="http://www.loc.gov/MARC21/slim http://www.loc.gov/standards/marcxml/schema/MARC21slim.xsd"
    xmlns="http://www.loc.gov/MARC21/slim">

  <leader>02045    a2200241   4500</leader>
  <controlfield tag="001">46569</controlfield>
  <controlfield tag="005">20260407155736.0</controlfield>
  <controlfield tag="008">260407a1980    arg                 spa d</controlfield>
  <controlfield tag="003">AR-UNSa-BCEJYS</controlfield>
  <datafield tag="040" ind1=" " ind2=" ">
    <subfield code="a">AR-UNSa-BCEJYS</subfield>
    <subfield code="b">spa</subfield>
    <subfield code="c">AR-UNSa-BCEJYS</subfield>
  </datafield>
  <datafield tag="080" ind1=" " ind2=" ">
    <subfield code="a">658.5</subfield>
    <subfield code="x">Planificaci&#xF3;n y control de la producci&#xF3;n
</subfield>
  </datafield>
  <datafield tag="245" ind1="1" ind2="0">
    <subfield code="a">Administraci&#xF3;n y Direcci&#xF3;n T&#xE9;cnica de la producci&#xF3;n</subfield>
  </datafield>
  <datafield tag="020" ind1=" " ind2=" ">
    <subfield code="a">968-18-0574-7</subfield>
  </datafield>
  <datafield tag="250" ind1=" " ind2=" ">
    <subfield code="a">4a. ed.</subfield>
  </datafield>
  <datafield tag="264" ind1=" " ind2="1">
    <subfield code="a">M&#xE9;xico :</subfield>
    <subfield code="b">Limusa-Wiley</subfield>
    <subfield code="c">1980</subfield>
  </datafield>
  <datafield tag="300" ind1=" " ind2=" ">
    <subfield code="a">671 p.</subfield>
    <subfield code="c">25 cm.</subfield>
  </datafield>
  <datafield tag="505" ind1=" " ind2=" ">
    <subfield code="a">Parte uno: Introducci&#xF3;n : 1. Pasado presente de la administraci&#xF3;n y de la producci&#xF3;n  las operaciones - 2. Las funciones y la funci&#xF3;n de producci&#xF3;n &#x2013; 3. El concepto de los sistemas  -- Parte dos : Los m&#xE9;todos anal&#xED;ticos : 4. Los m&#xE9;todos anal&#xED;ticos en la administraci&#xF3;n de producci&#xF3;n y las operaciones &#x2013; 5. Datos de costos para la toma de decisiones &#x2013; 6. Costos de capital y criterios de inversi&#xF3;n &#x2013; 7. Programaci&#xF3;n lineal &#x2013; 8. L&#xED;neas de espera  - - Parte tres : Dise&#xF1;o de sistemas de producci&#xF3;n : 9. Dise&#xF1;o de procesos de producci&#xF3;n &#x2013; 10. Planeaci&#xF3;n de procesos &#x2013; 11. Localizaci&#xF3;n de la planta &#x2013; 12. Distribuci&#xF3;n de las instalaciones f&#xED;sicas &#x2013; 13. Dise&#xF1;os de tareas y sistemas hombre-maquina &#x2013; 14. Normas de producci&#xF3;n y medici&#xF3;n del trabajo  - - Parte cuatro : Planeaci&#xF3;n y control de las operaciones : 15. Sistemas de inventarios y de producci&#xF3;n &#x2013; 16. Pron&#xF3;sticos e inventarios &#x2013; 17. Planes y programas agregados &#x2013; 18. Programaci&#xF3;n y control de sistemas de alto volumen de producci&#xF3;n &#x2013; 19. Programaci&#xF3;n y control de sistemas intermitentes &#x2013; 20. Planeaci&#xF3;n y control de los proyectos en gran escala &#x2013; 21. Mantenimiento &#x2013; 22. Control de calidad  - - Parte cinco : S&#xED;ntesis : 23. Administraci&#xF3;n de la producci&#xF3;n y las operaciones-resumen  - - Parte seis : Ap&#xE9;ndice &#x2013; tabla.</subfield>
  </datafield>
  <datafield tag="942" ind1=" " ind2=" ">
    <subfield code="c">BK</subfield>
  </datafield>
  <datafield tag="590" ind1=" " ind2=" ">
    <subfield code="a">niveau_biblio:m niveau_hierar:0</subfield>
  </datafield>
  <datafield tag="100" ind1="1" ind2=" ">
    <subfield code="a">Su&#xE1;rez, Eduardo L.</subfield>
  </datafield>
  <datafield tag="700" ind1="1" ind2=" ">
    <subfield code="a">Buffa, Elwood S.</subfield>
  </datafield>
  <datafield tag="700" ind1="1" ind2=" ">
    <subfield code="a">Velazquez Mastretta, Gustavo</subfield>
  </datafield>
  <datafield tag="999" ind1=" " ind2=" ">
    <subfield code="c">4207</subfield>
    <subfield code="d">4207</subfield>
  </datafield>
  <datafield tag="952" ind1=" " ind2=" ">
    <subfield code="0">0</subfield>
    <subfield code="1">0</subfield>
    <subfield code="4">0</subfield>
    <subfield code="7">0</subfield>
    <subfield code="a">BCEJYS</subfield>
    <subfield code="b">BCEJYS</subfield>
    <subfield code="c">16</subfield>
    <subfield code="d">2026-04-07</subfield>
    <subfield code="l">0</subfield>
    <subfield code="o">658.5 B929a 4ed.</subfield>
    <subfield code="p">L44465</subfield>
    <subfield code="r">2026-04-07 15:57:36</subfield>
    <subfield code="w">2026-04-07</subfield>
    <subfield code="y">L</subfield>
  </datafield>
  <datafield tag="952" ind1=" " ind2=" ">
    <subfield code="0">0</subfield>
    <subfield code="1">0</subfield>
    <subfield code="4">0</subfield>
    <subfield code="7">0</subfield>
    <subfield code="a">BCEJYS</subfield>
    <subfield code="b">BCEJYS</subfield>
    <subfield code="c">16</subfield>
    <subfield code="d">2026-04-07</subfield>
    <subfield code="l">0</subfield>
    <subfield code="o">658.5 B929a 4ed.</subfield>
    <subfield code="p">L44466</subfield>
    <subfield code="r">2026-04-07 15:57:36</subfield>
    <subfield code="w">2026-04-07</subfield>
    <subfield code="y">L</subfield>
  </datafield>
  <datafield tag="952" ind1=" " ind2=" ">
    <subfield code="0">0</subfield>
    <subfield code="1">0</subfield>
    <subfield code="4">0</subfield>
    <subfield code="7">0</subfield>
    <subfield code="a">BCEJYS</subfield>
    <subfield code="b">BCEJYS</subfield>
    <subfield code="c">16</subfield>
    <subfield code="d">2026-04-07</subfield>
    <subfield code="l">0</subfield>
    <subfield code="o">658.5 B929a 4ed.</subfield>
    <subfield code="p">L13308</subfield>
    <subfield code="r">2026-04-07 15:57:36</subfield>
    <subfield code="w">2026-04-07</subfield>
    <subfield code="y">L</subfield>
  </datafield>
  <datafield tag="952" ind1=" " ind2=" ">
    <subfield code="0">0</subfield>
    <subfield code="1">0</subfield>
    <subfield code="4">0</subfield>
    <subfield code="7">0</subfield>
    <subfield code="a">BCEJYS</subfield>
    <subfield code="b">BCEJYS</subfield>
    <subfield code="c">16</subfield>
    <subfield code="d">2026-04-07</subfield>
    <subfield code="l">0</subfield>
    <subfield code="o">658.5 B929a 4ed.</subfield>
    <subfield code="p">L13307</subfield>
    <subfield code="r">2026-04-07 15:57:36</subfield>
    <subfield code="w">2026-04-07</subfield>
    <subfield code="y">L</subfield>
  </datafield>
  <datafield tag="952" ind1=" " ind2=" ">
    <subfield code="0">0</subfield>
    <subfield code="1">0</subfield>
    <subfield code="4">0</subfield>
    <subfield code="7">0</subfield>
    <subfield code="a">BCEJYS</subfield>
    <subfield code="b">BCEJYS</subfield>
    <subfield code="c">16</subfield>
    <subfield code="d">2026-04-07</subfield>
    <subfield code="l">0</subfield>
    <subfield code="o">658.5 B929a 4ed.</subfield>
    <subfield code="p">L13309</subfield>
    <subfield code="r">2026-04-07 15:57:36</subfield>
    <subfield code="w">2026-04-07</subfield>
    <subfield code="y">L</subfield>
  </datafield>
</record>
